000 00718nam a2200241 i 4500
001 17000
003 ES-MaACL
005 20230906151500.0
007 t|
008 001213s2000 sp ||||1| spa d
020 _a84-339-0299-7
080 _a821.111(73)-31"19"
100 1 _aHighsmith, Patricia.
_963642
245 1 3 _aEl talento de Mr. Ripley /
_cPatricia Highsmith ; traducción de Jordi Beltrán.
250 _a7ª ed. en "Compactos".
260 _aBarcelona :
_bAnagrama,
_c2000.
300 _a286 p. ;
_c19 cm.
490 1 _aCompactos Anagrama ;
_v1
700 1 _aBeltrán, Jordi (
_d1941-)
_927364
830 0 _aCompactos Anagrama ;
_v1
_9180205
852 _aES-MaACL
_jL-24064
999 _c17000
_d17000